000 00335nam a2200157Ia 4500
003 Ost
005 20260225132544.0
008 260225s9999||||xx |||||||||||||| ||und||
040 _cfsic
041 _afre
082 _a440
100 _aFayard
_eAuteur
245 0 _aL'Allemagne en occident /
245 0 _cFayard
942 _cكتاب
999 _c33682
_d33682